000 00444nam a2200157 a 4500
005 20140412111406.0
008 070809s19uu xx 00 eng d
020 _a0-670-89331-5
050 _aER
_bAb59 2002
100 _aAhlberg, Allan
245 _aA bit more Bert /
_cAllan Ahlberg ; Raymond Briggs.
260 _aEngland :
_bPuffin Books,
_cc2002.
300 _a[unp.] : col. , ill. ; cm.
700 _aBriggs, Raymond
999 _c105558
_d105558